| 000 | 00797nam a22002417a 4500 | ||
|---|---|---|---|
| 003 | OSt | ||
| 005 | 20260624155242.0 | ||
| 008 | 260624b |||||||| |||| 00| 0 eng d | ||
| 020 | _a9970040245 | ||
| 040 |
_aKABLIB _beng _cKABLIB |
||
| 082 |
_a631 _bKIN |
||
| 100 |
_aKintu Kenneth K.G _eauthor _915822 |
||
| 245 |
_aMK primary Agriculture pupil's book 4 _cKenneth K.G Kintu,Amolo Omoding, Muwanga Lwanga and Arinanye Moses |
||
| 260 |
_aKampala : _bMK publishers (U) Ltd. _cc 2002 |
||
| 300 |
_a117p.; _bill,(col); _c29 cm. |
||
| 650 | _aAgriculture | ||
| 700 |
_aOmoding Amolo _eauthor _915823 |
||
| 700 |
_aLwanga Muwanga _eauthor _915824 |
||
| 700 |
_aMoses Arinanye _eauthor _915825 |
||
| 700 |
_aBetty Kigumba _eTypeset and Designer _915826 |
||
| 700 |
_aD.Ssenyondwa _915827 |
||
| 942 |
_2ddc _cBOOK |
||
| 999 |
_c6222 _d6222 |
||